Is TTB decision strategy in personnel selection domain viewed as inferior compared to WADD decision strategy?

Na minha lista:
Detalhes bibliográficos
Autor principal: Hanák, Róbert, 1979-
Outros Autores: Ondrášová, Iveta
Formato: Capítulo de Livro
Idioma:inglês
Tags: Adicionar Tag
Sem tags, seja o primeiro a adicionar uma tag!

MARC

LEADER 00000nla a2200000 4500
001 0190512
005 20240502073214.8
041 0 |a eng 
044 |a SK 
245 1 0 |a Is TTB decision strategy in personnel selection domain viewed as inferior compared to WADD decision strategy?  |c Róbert Hanák, Iveta Ondrášová 
100 1 |a Hanák, Róbert, 1979- 
700 1 |a Ondrášová, Iveta